| Поле | Инд. | ПП | Название | Значение |
|---|---|---|---|---|
| Тип записи | a | |||
| Библиографический уровень | b | |||
| 001 | Контрольный номер | RU/IS/BASE/216219293 | ||
| 005 | Дата корректировки | 20200727201654.8 | ||
| 008 | Кодируемые данные | 20061107 | ||
| 040 | b | Код языка каталог. | rus | |
| e | Правила каталог. | PSBO | ||
| 041 | 0_ | a | Код языка текста | rus |
| 084 | a | Индекс другой классификации/Индекс ББК | 74.03(4Вел); 74.483(4Вел); 74.027.9 | |
| 100 | 1_ | a | Автор | Белякова Н. Ю. |
| 245 | 10 | a | Заглавие | Исторический опыт тьюторства в британской высшей школе |
| 504 | a | Библиография | Примеч., библиогр. ссылки | |
| 600 | 34 | a | Персоналии | Локк Джон |
| 650 | 04 | a | Основная рубрика | высшее образование |
| a | Основная рубрика | история образования | ||
| a | Основная рубрика | образование; воспитание | ||
| a | Основная рубрика | профессиональное образование | ||
| 653 | 1_ | a | Ключевые слова | Великобритания |
| a | Ключевые слова | наставничество | ||
| a | Ключевые слова | тьюторство | ||
| 773 | 0_ | t | Заглавие источника | Высшее образование сегодня |
| d | Дата издания источника | 2006 | ||
| g | Прочая информация | № 8. - С. 64 - 68 | ||
| w | Контрольный № источника | RU/IS/BASE/214494051 | ||
| 901 | t | Тип документа | b |